000 00555cam a2200217 4500
001 28662
005 20220405165319.0
090 _a28662
095 _aPTBN00252095
100 _a20071023d1977 a y0pory5003 ba
101 0 _apor
102 _aPT
930 _lBECRE
675 _a087.5
_vBN
_zpor
700 1 _aSoares,
_bLuísa Ducla,
_f1939-
_92431
998 _aESEB2-00209
200 1 _aA história da papoila
_fMaria Luísa Ducla Soares
210 _aLisboa
_cEstúdios Cor,
_dimp. 1977
215 _a27, [2] p.
_cil.
_d30 cm
801 0 _aPT
_bBN
_gRPC
990 _cLIVROS